000 00553nmm a2200145Ia 4500
005 20241120123125.0
008 241120s9999||||xx |||||||||||||||||und||
020 _a9789523690882
245 0 _aGlobal Perspectives on Leadership in Early Childhood Education
260 _aHelsinki University Press
_c2023
650 _apedagogy inclusion
700 _aModise, Matshediso Rebecca||Fonsén, Elina||Heikka, Johanna||Phatudi, Nkidi||Bøe, Marit||Phala, Thembi
856 _uhttps://directory.doabooks.org/handle/20.500.12854/132237
942 _cE-Book
999 _c190549
_d190549